Les homonymes dans la langue française - lettres U - V - W - Y - Statistiques

Statistiques générales
  • Ce quiz a été pris 179 fois
    174 depuis la dernière actualisation
  • Le résultat moyen est 24 sur 26
Statistiques - réponses
Mot Indice Homonyme % Correct
vau animal veau
99%
vil cité ville
99%
vain boisson vin
99%
vair de terre ver
98%
vair récipient verre
98%
vair près de vers
98%
vair couleur vert
98%
vain 20 vingt
98%
voix chemin voie
98%
van blague vanne
96%
vaine sang veine
96%
(il) vend souffle vent
96%
viol instrument de musique viole
96%
(il) veut souhait voeu
96%
(nous) vaguons voiture sur rails wagon
96%
ut cabane hutte
95%
un Attila hun
94%
violant impétueux violent
94%
vice fixation vis
94%
vau adjectif possessif vos
94%
yen animal hyène
89%
vaquant libre, disponible vacant
89%
yod symbole "I" iode
88%
ure tête du sanglier hure
86%
une en haut du mât du navire hune
84%
watt laine, soie, coton ouate
75%
Aucun quiz correspondant
Distribution des résultats
% des personnes avec chaque résultat
Percentile par nombre de réponses
Votre historique - résultats
Vous n’avez pas pris ce quiz depuis la dernière actualisation